| 000 | 00614nam a22002057a 4500 | ||
|---|---|---|---|
| 999 |
_c3299 _d3299 |
||
| 003 | AR-CdUCM | ||
| 008 | 190306b ||||| |||| 00| 0 esp d | ||
| 020 | _aISBN | ||
| 040 |
_aMUNICIPALIDAD PROVINCIAL DEL CUSCO _cBIBLIOTECA MUNICIPAL DEL CUSCO |
||
| 082 |
_a869.262 / _bL26 |
||
| 100 |
_aLarreta, Enrique RodrÃguez _910979 |
||
| 245 |
_aZogoibi / _cEnrique RodrÃguez Larreta. |
||
| 260 |
_aBuenos Aires : _bSopena, _c1939. |
||
| 300 |
_a187 paginas ; _c22 cm. |
||
| 650 |
_aNovelas de costumbres _9168 |
||
| 650 |
_aNovelas argentinas _99625 |
||
| 650 |
_aSiglo XX _98 |
||
| 942 |
_2ddc _cLIBROS |
||
| 945 | _aacrt | ||